Diccionario de refranes / (Record no. 38919)

MARC details
000 -LEADER
campo de control de longitud fija 00854nam a2200241 i 4500
001 - NÚMERO DE CONTROL
campo de control 38919
003 - IDENTIFICADOR DE NÚMERO DE CONTROL
campo de control ES-MaACL
005 - FECHA Y HORA DE LA ÚLTIMA TRANSACCIÓN
campo de control 20240422105725.0
007 - CAMPO FIJO DE DESCRIPCIÓN FÍSICA--INFORMACIÓN GENERAL
campo de control de longitud fija t|
008 - DATOS DE LONGITUD FIJA--INFORMACIÓN GENERAL
campo de control de longitud fija 030226s1975 sp ||||1| spa d
080 ## - NÚMERO DE LA CLASIFICACIÓN DECIMAL UNIVERSAL
Número de la Clasificación Decimal Universal 398.9(460)(038)
100 1# - ENTRADA PRINCIPAL--NOMBRE DE PERSONA
Nombre de persona Campos, Juana G.
9 (RLIN) 34248
245 10 - MENCIÓN DEL TÍTULO
Título Diccionario de refranes /
Mención de responsabilidad, etc. Juana G. Campos y Ana Barella ; prólogo de Rafael Lapesa.
260 ## - PUBLICACIÓN, DISTRIBUCIÓN, ETC.
Lugar de publicación, distribución, etc. Madrid :
Nombre del editor, distribuidor, etc. Real Academia Española,
Fecha de publicación, distribución, etc. 1975.
300 ## - DESCRIPCIÓN FÍSICA
Extensión XXXII, 500 p. ;
Dimensiones 25 cm.
490 1# - MENCIÓN DE SERIE
Mención de serie Anejos del Boletín de la Real Academia Española ;
Designación de volumen o secuencia 30
650 #4 - PUNTO DE ACCESO ADICIONAL DE MATERIA--TÉRMINO DE MATERIA
Término de materia o nombre geográfico como elemento de entrada Refranes y proverbios-
Subdivisión geográfica España-
Subdivisión de forma Diccionarios.
9 (RLIN) 16727
700 1# - ENTRADA AGREGADA--NOMBRE PERSONAL
Nombre de persona Barella, Ana.
9 (RLIN) 25614
700 0# - ENTRADA AGREGADA--NOMBRE PERSONAL
Nombre de persona Lapesa, Rafael,
Fechas asociadas al nombre 1908-2001
9 (RLIN) 70146
830 0# - PUNTO DE ACCESO ADICIONAL DE SERIE-TÍTULO UNIFORME
Título uniforme Anejos del Boletín de la Real Academia Española ;
Designación de volumen o secuencia 30
9 (RLIN) 180902
852 ## - LOCALIZACIÓN
Ubicación ES-MaACL
Número de control de estantería C-853
Sublocalización o colección R.100137
Holdings
Estatus retirado Estado de pérdida Estado de daño No para préstamo Colección Biblioteca de origen Biblioteca actual Ubicación en estantería Fecha de adquisición Fuente de adquisición Total de préstamos Signatura topográfica completa Código de barras Visto por última vez Precio de reemplazo Tipo de ítem Koha
        Colección de referencia Biblioteca del Ateneo de Madrid Biblioteca del Ateneo de Madrid Sala Palomar 17/01/2008     C-853 1040980 23/02/2023 23/02/2023 Libro impreso